[Event "Open A"]
[Site "Hamburg GER"]
[Date "2005.10.02"]
[Round "2"]
[White "Kovchan,A"]
[Black "Wurzel,A"]
[Result "1/2-1/2"]
[WhiteElo "2504"]
[BlackElo "2197"]

1.e4 c5 2.Nf3 e6 3.d4 cxd4 4.Nxd4 a6 5.Nc3 d6 6.Be3 b5 7.f3 Nf6 8.g4 Bb7
9.Qd2 Nfd7 10.Nce2 Nb6 11.Ng3 N8d7 12.O-O-O Rc8 13.Bg5 Qc7 14.Nh5 d5 15.exd5 Nxd5
16.Bd3 g6 17.Nf4 Bb4 18.c3 Nxc3 19.Ndxe6 fxe6 20.bxc3 O-O 21.Bc2 Bxc3 22.Qxd7 Bb2+
23.Kxb2 Qxc2+ 24.Ka1 Qc3+ 25.Kb1 Qc2+ 26.Ka1  1/2-1/2

[Event "Autumn 4"]
[Site "Alushta UKR"]
[Date "2005.10.03"]
[Round "11"]
[White "Loskutov,O"]
[Black "Eisenbeiser,A"]
[Result "0-1"]
[WhiteElo "2435"]
[BlackElo "2318"]

1.e4 c5 2.Nf3 e6 3.d4 cxd4 4.Nxd4 a6 5.Nc3 b5 6.Bd3 Qb6 7.Nb3 Qc7 8.O-O Bb7
9.Qe2 b4 10.Nd1 Nf6 11.c4 Nc6 12.f4 d6 13.Be3 e5 14.f5 Be7 15.Kh1 h5 16.a4 Nd7
17.Rf3 O-O-O 18.Rh3 g6 19.fxg6 fxg6 20.Rf3 a5 21.Rc1 Kb8 22.Rf7 Rdf8 23.Rg7 Rhg8
24.Rxg8 Rxg8 25.Qf2 Qd8 26.Qf7 Qe8 27.Qe6 Nd8 28.Qh3 Nc6 29.Qg3 h4 30.Qg4 Bc8
31.Qe2 Bb7 32.h3 Rf8 33.c5 Nxc5 34.Bxc5 dxc5 35.Ne3 Nd4 36.Nxd4 exd4 37.Bb5 Qf7
38.Rf1 Qe6 39.Rxf8+ Bxf8 40.Qf1 Be7 41.Nc4 Bxe4 42.Nxa5 Qxh3+ 43.Kg1 Qe3+
44.Qf2 Qxf2+ 45.Kxf2 Kc7 46.Nc4 Bg5 47.Ne5 Be3+ 48.Kf1 g5 49.Bc4 Bf4 50.Nd3 Bd6
51.Nf2 Bf5 52.Be2 Bg3  0-1

[Event "FSGM October"]
[Site "Budapest HUN"]
[Date "2005.10.03"]
[Round "3"]
[White "Wittmann,W"]
[Black "Hera,I"]
[Result "1/2-1/2"]
[WhiteElo "2376"]
[BlackElo "2380"]

1.e4 c5 2.Nf3 e6 3.d4 cxd4 4.Nxd4 a6 5.Nc3 b5 6.Bd3 Qb6 7.Nf3 Nc6 8.e5 Qb8
9.O-O Nge7 10.Re1 Bb7 11.Be4 Ng6 12.h4 d5 13.exd6 Qxd6 14.Bg5 f6 15.h5 Qxd1
16.Raxd1 Nge7 17.Bh4 e5 18.Rd2 Rd8 19.Red1 Rxd2 20.Rxd2 b4 21.Nd5  1/2-1/2

[Event "Open A"]
[Site "Hamburg GER"]
[Date "2005.10.03"]
[Round "3"]
[White "Becker,T1"]
[Black "Schneider,K"]
[Result "1-0"]
[WhiteElo "2070"]
[BlackElo "2186"]

1.e4 c5 2.Nf3 e6 3.d4 cxd4 4.Nxd4 a6 5.Nc3 Qc7 6.Be3 Bb4 7.Qd2 Nf6 8.Bd3 d5
9.exd5 Nxd5 10.Nde2 Nxe3 11.Qxe3 O-O 12.Bxh7+ Kh8 13.Qh3 e5 14.Bf5+  1-0

[Event "Open A"]
[Site "Hamburg GER"]
[Date "2005.10.03"]
[Round "3"]
[White "Schmidt,Ha"]
[Black "Shchekachev,A"]
[Result "1-0"]
[WhiteElo "2368"]
[BlackElo "2564"]

1.e4 c5 2.Nf3 e6 3.d4 cxd4 4.Nxd4 a6 5.Nc3 d6 6.Bd3 Nf6 7.Bg5 Nbd7 8.f4 h6
9.Bh4 Qb6 10.Bf2 Qxb2 11.Nde2 Qa3 12.h3 b5 13.O-O Bb7 14.Rb1 Rc8 15.Rb3 Qa5
16.Qb1 Ba8 17.f5 e5 18.a4 Nc5 19.axb5 Nxb3 20.Qxb3 d5 21.bxa6 Bc5 22.Bb5+ Ke7
23.Nxd5+ Bxd5 24.exd5 Bxf2+ 25.Rxf2 Rhd8 26.c4 Kf8 27.Qc3 Qb6 28.Qxe5 Nxd5
29.cxd5 Qxb5 30.Nf4 Rc1+ 31.Kh2 Qb8 32.Qd4 Rc7 33.d6 Rc6 34.Ne6+ fxe6 35.fxe6+ Kg8
36.a7 Qxd6+ 37.Qxd6 Rcxd6 38.e7 Kh7 39.Rf8  1-0

[Event "Open A"]
[Site "Hamburg GER"]
[Date "2005.10.04"]
[Round "4"]
[White "Kovchan,A"]
[Black "Sharevich,A"]
[Result "1-0"]
[WhiteElo "2504"]
[BlackElo "2305"]

1.e4 c5 2.Nf3 e6 3.d4 cxd4 4.Nxd4 a6 5.Nc3 b5 6.Be3 Bb7 7.f3 Qc7 8.Qd2 Nf6
9.O-O-O Nc6 10.Nxc6 Bxc6 11.Ne2 Rc8 12.Nd4 Bb7 13.g4 h6 14.h4 e5 15.Nf5 d5
16.exd5 Nxd5 17.Bd3 g6 18.Ng3 Nb4 19.Ne4 Be7 20.a3 Nd5 21.Bxh6 b4 22.axb4 Nxb4
23.Bg7 Bxe4 24.Bxe4 Rd8 25.Qe3 Rh7 26.Rxd8+ Qxd8 27.Bxe5 Qa5 28.f4 Bc5 29.Qb3 Kf8
30.Kb1 Qd8 31.c3 f5 32.cxb4  1-0

[Event "Autumn 4"]
[Site "Alushta UKR"]
[Date "2005.10.05"]
[Round "13"]
[White "Zinchenko,Ya"]
[Black "Eisenbeiser,A"]
[Result "1-0"]
[WhiteElo "2493"]
[BlackElo "2318"]

1.e4 c5 2.Nf3 e6 3.d4 cxd4 4.Nxd4 a6 5.Nc3 b5 6.Bd3 Qb6 7.Nb3 Qc7 8.a4 b4
9.Ne2 Bb7 10.Bf4 e5 11.Bg5 f6 12.Be3 Ne7 13.Qd2 d5 14.f3 d4 15.Bf2 Nc8 16.O-O Nb6
17.c3 bxc3 18.bxc3 dxc3 19.Qxc3 Qxc3 20.Nxc3 N8d7 21.Na5 Bb4 22.Nxb7 Bxc3
23.Rab1 Nxa4 24.Nd6+ Ke7 25.Nf5+ Kf8 26.Bc4 g6 27.Rb7 gxf5 28.Rxd7 Ke8 29.Rc7 Bb4
30.Bd5 Kd8 31.Rfc1 Bd6 32.R7c4  1-0

[Event "Lichtenrader Autumn"]
[Site "Berlin GER"]
[Date "2005.10.06"]
[Round "6"]
[White "Jenull,M"]
[Black "Postler,R"]
[Result "1/2-1/2"]
[WhiteElo "2153"]
[BlackElo "2331"]

1.Nc3 c5 2.Nf3 e6 3.e4 a6 4.d4 cxd4 5.Nxd4 Qc7 6.g3 Nf6 7.Bg2 Be7 8.O-O d6
9.f4 O-O 10.g4 Nc6 11.Nxc6 bxc6 12.g5 Ne8 13.f5 exf5 14.exf5 d5 15.Ne2 Bd6
16.Kh1 Rb8 17.c3 Be5 18.Nf4 Nd6 19.f6 Bf5 20.fxg7 Kxg7 21.Nd3 Bxd3 22.Qxd3 Rbe8
23.b3 Ne4 24.Bxe4 dxe4 25.Qh3 Re6 26.Be3 Bxc3 27.Bc5 Bxa1 28.Bxf8+ Kg8 29.Rxa1 Kxf8
30.Qxh7 Qf4 31.Qh3 e3 32.Rd1 Ke7 33.Qg2 e2 34.Re1 Re5 35.h3 Qd2 36.Qf2 Ke8
37.a4 Qd3 38.Qg2 Qc2 39.Qg3 Re6 40.Qb8+ Ke7 41.Qc7+ Kf8 42.Qd8+ Kg7 43.Qd4+ Kh7
44.Kh2 Qf5 45.Qh4+ Kg8 46.Qd4 Re4 47.Qf6 Qxf6 48.gxf6 Kh7 49.Kg3 Re3+ 50.Kf4 Rxb3
51.Rxe2 Kg6 52.Ke5 Rxh3 53.Rg2+ Kh6 54.Rg7 Re3+ 55.Kd4 Ra3  1/2-1/2

[Event "5th ch-Asian"]
[Site "Hyderabad IND"]
[Date "2005.10.06"]
[Round "1"]
[White "Zhang Zhong"]
[Black "Mahjoob,M"]
[Result "1-0"]
[WhiteElo "2598"]
[BlackElo "2418"]

1.e4 c5 2.Nf3 e6 3.d4 cxd4 4.Nxd4 a6 5.Nc3 b5 6.Bd3 Qb6 7.Nf3 Nc6 8.O-O Bb7
9.Bf4 Nge7 10.Re1 Nc8 11.e5 h6 12.Ne4 Nb4 13.Bf1 Nd5 14.Bg3 Be7 15.c3 O-O
16.a4 Rd8 17.Nd4 bxa4 18.Qxa4 d6 19.exd6 Nxd6 20.Nxd6 Bxd6 21.Qb3 Bc5 22.Qxb6 Bxb6
23.Nb3 a5 24.c4 a4 25.cxd5 axb3 26.Rxa8 Rxa8 27.dxe6 fxe6 28.Rxe6 Bd4 29.Bc4 Kh8
30.h4 Bxb2 31.Bxb3 Bf6 32.Kh2 Rd8 33.Bc2 Bd5 34.Ra6 Ra8 35.Rb6 Kg8 36.Bg6 Bf7
37.Be4 Re8 38.Bc6 Rc8 39.f3 Bd4 40.Ra6 Bf6 41.Be4 Re8 42.Ra5 Bc3 43.Rb5 Bf6
44.h5 Rd8 45.Bf4 Bc4 46.Rc5 Bf7 47.g4 Be7 48.Rc7 Bf6 49.Kg3 Re8 50.Bc6 Rd8
51.Be4 Re8 52.Rc5 Bd4 53.Rb5 Bf6 54.Kg2 Rd8 55.Rb6 Bd4 56.Ra6 Bc4 57.Ra4 Be6
58.Bg6 Bf6 59.Ra6 Bc4 60.Rb6 Ba1 61.Bc7 Rc8 62.Bd6 Bd5 63.Kg3 Bd4 64.Rb5 Bf7
65.Bf5 Re8 66.Bc7 Bf6 67.Rc5 Bd4 68.Ra5 Bc3 69.Rb5 Bd4 70.Bd6 Bc3 71.f4 Re3+
72.Kf2 Re8 73.Be5 Bxe5 74.fxe5 Kf8 75.Kg3 Ra8 76.e6 Be8 77.Rb7 Ra3+ 78.Kf4 Ra4+
79.Ke5 Ra5+ 80.Kd4 Ra4+ 81.Kc5 Ra5+ 82.Kc4 Bxh5 83.e7+ Ke8 84.Bd7+ Kxe7 85.gxh5 Ra8
86.Bc6+ Kf8 87.Bd5 Re8 88.Kd4 Re7 89.Rb8+ Re8 90.Rxe8+  1-0

[Event "IX Itau Cup"]
[Site "Sao Paulo BRA"]
[Date "2005.10.06"]
[Round "5"]
[White "Vescovi,G"]
[Black "De Souza,M"]
[Result "1/2-1/2"]
[WhiteElo "2646"]
[BlackElo "2378"]

1.e4 c5 2.Nf3 e6 3.d4 cxd4 4.Nxd4 a6 5.Nc3 Qc7 6.Bd3 Nc6 7.Be3 Nf6 8.O-O Nxd4
9.Bxd4 Bc5 10.Bxc5 Qxc5 11.Na4 Qc7 12.c4 d6 13.Rc1 Bd7 14.Nc3 O-O 15.Kh1 e5
16.Qd2 Be6 17.Nd5 Bxd5 18.cxd5 Qb6 19.Rc4 Rfc8 20.Rfc1 Rxc4 21.Rxc4 a5 22.g3  1/2-1/2

[Event "Open A"]
[Site "Hamburg GER"]
[Date "2005.10.07"]
[Round "5"]
[White "Becker,T1"]
[Black "Wurzel,A"]
[Result "0-1"]
[WhiteElo "2070"]
[BlackElo "2197"]

1.e4 c5 2.Nf3 e6 3.d4 cxd4 4.Nxd4 a6 5.Nc3 d6 6.Be3 b5 7.f4 Bb7 8.Qf3 Nf6
9.Bd3 Nbd7 10.g4 b4 11.Nce2 Nc5 12.Ng3 g6 13.g5 Nfd7 14.O-O Bg7 15.h4 O-O
16.Qg4 f5 17.exf5 exf5 18.Qe2 Re8 19.Qd2 Qe7 20.Rae1 Qf7 21.b3 Nxd3 22.Qxd3 Rac8
23.Nge2 Qd5 24.Rf3 Ne5 25.fxe5 dxe5 26.c4 bxc3 27.Nxc3 Rxc3  0-1

[Event "Open A"]
[Site "Hamburg GER"]
[Date "2005.10.07"]
[Round "5"]
[White "Sebastian,D"]
[Black "Bildat,J"]
[Result "1-0"]
[WhiteElo "2362"]
[BlackElo "2157"]

1.e4 c5 2.Nf3 e6 3.d4 cxd4 4.Nxd4 a6 5.Nc3 b5 6.Bd3 d6 7.O-O Nf6 8.Qe2 Be7
9.Bd2 O-O 10.Kh1 Bb7 11.a4 b4 12.Na2 a5 13.c3 bxc3 14.Bxc3 Nc6 15.Nb5 e5
16.Rad1 Qc8 17.Bc4 Rd8 18.Bb3 Rd7 19.Rc1 Qf8 20.f4 Nxe4 21.Qxe4 Nd4 22.Bd5 Bxd5
23.Qxd5 Ne2 24.fxe5 Nxc1 25.Nxc1 Rdd8 26.e6 f6 27.Nb3 Rdc8 28.Rf3  1-0

[Event "Open A"]
[Site "Hamburg GER"]
[Date "2005.10.07"]
[Round "7"]
[White "Atri,J"]
[Black "Klein,G"]
[Result "1-0"]
[WhiteElo "2125"]
[BlackElo "1998"]

1.e4 c5 2.Nf3 e6 3.d4 cxd4 4.Nxd4 a6 5.Nc3 Qc7 6.g3 b5 7.Bg2 Bb7 8.O-O d6
9.Re1 Nd7 10.a4 b4 11.Na2 a5 12.c3 bxc3 13.Nxc3 Ngf6 14.Ndb5 Qc6 15.Bf4 e5
16.Be3 Nc5 17.Rc1 Qd7 18.Nd5 Bxd5 19.exd5 Rc8 20.Bxc5 Rxc5 21.Rxc5 dxc5 22.Rxe5+ Kd8
23.Qd2 Bd6 24.Qxa5+ Bc7 25.Qa8+ Qc8 26.Qxc8+ Kxc8 27.d6 Bb6 28.Re7 Re8 29.Bc6 Rf8
30.Rb7 Ne8 31.Na7+ Bxa7 32.d7+ Kd8 33.dxe8=Q+ Rxe8 34.Bxe8  1-0

[Event "2nd Bundesliga Ost 2005-6"]
[Site "Austria AUT"]
[Date "2005.10.08"]
[Round "1"]
[White "Alvir,A"]
[Black "Vyskocil,N"]
[Result "1/2-1/2"]
[WhiteElo "2393"]
[BlackElo "2318"]

1.e4 c5 2.Nf3 e6 3.d4 cxd4 4.Nxd4 a6 5.Nc3 Qc7 6.Bd3 Nf6 7.Qe2 d6 8.Be3 Be7
9.g4 Nfd7 10.O-O-O Nc5 11.Rhe1 O-O 12.Nf5 Bf6 13.Bd4 Be5 14.Qe3 Nc6 15.f4 Bxd4
16.Nxd4 b5 17.Nxc6 Qxc6 18.e5 dxe5 19.Qxe5 Bb7 20.Ne4 Rac8 21.Nxc5 Qxc5 22.f5 Bf3
23.Rd2 Qxe5 24.Rxe5 Bxg4 25.fxe6 Bxe6 26.a4 bxa4 27.Ra5 Bc4 28.Rxa4 Bxd3
29.Rxd3 Rc6 30.Rda3 f5 31.Rxa6 Rxa6 32.Rxa6 f4 33.Kd2 g5 34.h3 Kg7 35.Ke2 Re8+
36.Kf2 h5 37.Ra7+ Kg6 38.Ra6+ Kf5 39.Ra5+  1/2-1/2

[Event "Open A"]
[Site "Hamburg GER"]
[Date "2005.10.08"]
[Round "8"]
[White "Atri,J"]
[Black "Mihailovs,J"]
[Result "0-1"]
[WhiteElo "2125"]
[BlackElo "2299"]

1.e4 c5 2.Nf3 e6 3.d4 cxd4 4.Nxd4 a6 5.Nc3 Qc7 6.g3 b5 7.Bg2 Bb7 8.O-O Nf6
9.Re1 d6 10.a4 bxa4 11.Nxa4 Nbd7 12.b3 Be7 13.c4 O-O 14.Ba3 Nc5 15.Nxc5 dxc5
16.Nc2 Rad8 17.Qe2 Qe5 18.Qe3 Ng4 19.Qf3 Rd2 20.Re2 Rxe2  0-1

[Event "5th ch-Asian"]
[Site "Hyderabad IND"]
[Date "2005.10.08"]
[Round "3"]
[White "Deepan,C"]
[Black "Prathamesh,S"]
[Result "1-0"]
[WhiteElo "2454"]
[BlackElo "2362"]

1.e4 c5 2.Nf3 e6 3.d4 cxd4 4.Nxd4 a6 5.Nc3 b5 6.Bd3 d6 7.O-O Nf6 8.f4 Be7
9.Qe2 Bb7 10.Kh1 O-O 11.Bd2 Qb6 12.a3 Nbd7 13.Rae1 Rfe8 14.Nf3 e5 15.Be3 Qc7
16.fxe5 dxe5 17.Nh4 g6 18.Bg5 Qd6 19.Rd1 Qe6 20.a4 Nc5 21.axb5 Nxd3 22.cxd3 h6
23.Bxf6 Bxf6 24.Nf3 axb5 25.Nxb5 Qb6 26.Na3 Ba6 27.Nc4 Qe6 28.Ra1 Bb5 29.h3 Bg7
30.Ra3 Rac8 31.Nfd2 Rc7 32.Ne3 Rd7 33.Ndc4 Rb8 34.Rfa1 Kh7 35.Ra7 Rbb7 36.Rxb7 Rxb7
37.Nd5 f5 38.Nc3 Ba6 39.Ra5 f4 40.Nd5 Bxc4 41.dxc4 Rb3 42.Kh2 h5 43.Ra3 Rxa3
44.bxa3 Qa6 45.Qd3 Bf8 46.Nb4 Qb6 47.Qd7+ Kh6 48.Qd2 Bc5 49.g3 Be3 50.Nd5 Qd8
51.Qe1 Bd4 52.Qd2 g5 53.gxf4 gxf4 54.Qb4 f3 55.Qe7 Qxe7 56.Nxe7 Kg5 57.Kg3 f2
58.h4+ Kf6 59.Nd5+ Ke6 60.Kg2 Kd6 61.Nf6 Kc5 62.Nxh5 Kxc4 63.Ng3 Kd3 64.h5 Be3
65.a4 Kd4 66.a5 Kc5 67.Nf5 Bg5 68.h6 Kb5 69.h7 Bf6 70.Nd6+  1-0

[Event "5th ch-Asian"]
[Site "Hyderabad IND"]
[Date "2005.10.08"]
[Round "3"]
[White "Visweswaran,K"]
[Black "Gnusarev,P"]
[Result "1/2-1/2"]
[WhiteElo "2289"]
[BlackElo "2426"]

1.e4 c5 2.Nf3 e6 3.Nc3 a6 4.d4 cxd4 5.Nxd4 b5 6.Bd3 d6 7.O-O Nf6 8.a4 b4
9.Na2 e5 10.Nb3 Nc6 11.c3 bxc3 12.Nxc3 Be7 13.Bg5 Be6 14.Nd2 O-O 15.Bc4 Nxe4
16.Bxe7 Nxc3 17.Bxd8 Nxd1 18.Bc7 Nxb2 19.Bxe6 fxe6 20.Bxd6 Rfd8 21.Ne4 Nc4
22.Bc5 Nd4 23.Ra2 Rab8 24.h3 Nb3 25.Rc2 Ncd2 26.Nxd2 Rxd2 27.Rxd2 Nxd2 28.Re1 e4
29.Be3 Rb2 30.Rc1 Ra2 31.Rc8+ Kf7 32.Rc7+ Kf6 33.Bd4+ e5 34.Bc3 Nb1 35.Rc6+ Kf5
36.Bb4 Rxa4 37.Rb6 Ra2 38.Bf8 Nd2 39.g4+ Kg5 40.Kg2 Ra1 41.Be7+ Kf4 42.Bc5 Nf1
43.Rb7 e3 44.Rb4+ Kg5 45.fxe3 Nd2 46.Rb6 Ne4 47.Be7+ Nf6 48.Re6 Ra5 49.Bf8 Ra2+
50.Kf3 e4+ 51.Kg3 Re2 52.Bxg7 Rxe3+ 53.Kg2 Rf3 54.Rxa6 Kg6 55.Bh8 Kf7 56.Ra7+ Kg8
57.Ra8+ Kf7 58.Ra7+ Kg8 59.Ra8+ Kf7 60.Rd8 Rd3 61.Rxd3 exd3 62.Kf3 Ne4 63.Bd4 Ng5+
64.Ke3 Nxh3 65.Kxd3 h5 66.gxh5 Nf4+ 67.Ke4 Nxh5  1/2-1/2

[Event "Cupa ULIM"]
[Site "Kishinev MDA"]
[Date "2005.10.09"]
[Round "2"]
[White "Semchiv,E"]
[Black "Martemianov,I"]
[Result "0-1"]
[WhiteElo "1895"]
[BlackElo "2254"]

1.e4 c5 2.Nf3 e6 3.d4 cxd4 4.Nxd4 a6 5.Nc3 Qc7 6.Be2 Nc6 7.Be3 Nf6 8.O-O Bb4
9.f3 O-O 10.a3 Bxc3 11.bxc3 d5 12.Nxc6 bxc6 13.exd5 cxd5 14.Qd3 a5 15.Bd2 Ba6
16.Qe3 Bxe2 17.Qxe2 Nd7 18.Rfb1 Rfb8 19.Kh1 Nb6 20.Rb3 Nc4 21.Bc1 Ra7 22.Qd1 Rab7
23.Rab1 Rxb3 24.cxb3 Qe5 25.Bd2 Nxa3 26.Ra1 Qd6 27.Bf4 Qxf4 28.Rxa3 h6 29.h3 Qe3
30.Qa1 Rc8 31.b4 d4 32.c4 d3 33.Qd1 Rxc4 34.Rxd3 Rc1 35.Rxe3 Rxd1+ 36.Kh2 axb4
37.Rb3 Rd4 38.Kg3 e5 39.Kf2 f5 40.Ke3  0-1

[Event "Autumn 5"]
[Site "Alushta UKR"]
[Date "2005.10.12"]
[Round "8"]
[White "Voicu,C"]
[Black "Alexeev,Alexe"]
[Result "1/2-1/2"]
[WhiteElo "2261"]
[BlackElo "2356"]

1.e4 c5 2.Nf3 e6 3.d4 cxd4 4.Nxd4 a6 5.Nc3 b5 6.Bd3 Qb6 7.Nf3 d6 8.a4 bxa4
9.Rxa4 Nf6 10.O-O Bb7 11.Qe2 Be7 12.Be3 Qc7 13.Rfa1 O-O 14.Nd2 Nfd7 15.Nc4 Nc5
16.Bxc5 Qxc5 17.Na5 Bc8 18.Rc4 Qb6 19.Qe1 g6 20.Na4 Qd8 21.Rxc8 Qxc8 22.Nb6 Qb7
23.Nxa8 Qa7 24.Qc3 Qxa8 25.Qc7 Bf6 26.Nc4 d5 27.Nb6 Qc6 28.Qxc6 Nxc6 29.exd5 exd5
30.Nxd5 Bxb2 31.Rxa6 Ne5 32.Kf1 Rd8 33.Nb4 Re8 34.Be4 Kg7 35.Nd3  1/2-1/2

[Event "5th ch-Asian"]
[Site "Hyderabad IND"]
[Date "2005.10.12"]
[Round "6"]
[White "Hossain,Enam"]
[Black "Rohit,G"]
[Result "1-0"]
[WhiteElo "2476"]
[BlackElo "2401"]

1.e4 c5 2.Nf3 e6 3.d4 cxd4 4.Nxd4 a6 5.Nc3 b5 6.Bd3 d6 7.O-O Nf6 8.a4 b4
9.Na2 Qb6 10.Be3 Qb7 11.c3 bxc3 12.Nxc3 Be7 13.Rb1 Nc6 14.Nxc6 Qxc6 15.Rc1 Qb7
16.f4 Bd7 17.e5 Nd5 18.Qf3 Bc6 19.Nxd5 Bxd5 20.Qg3 Be4 21.exd6 Bxd6 22.Rfd1 Bf8
23.f5 Bxd3 24.Rxd3 Qxb2 25.Qc7  1-0

[Event "Goodbye Summer Open"]
[Site "Omis CRO"]
[Date "2005.10.12"]
[Round "4"]
[White "Jokic,B"]
[Black "Krnic,I"]
[Result "1/2-1/2"]
[WhiteElo "2031"]
[BlackElo "2156"]

1.e4 c5 2.Nf3 e6 3.d4 cxd4 4.Nxd4 a6 5.Nc3 b5 6.a3 Bb7 7.Bd3 Qb6 8.Nf3 Qc7
9.Qe2 d6 10.O-O Nd7 11.Be3 Ngf6 12.Rad1 Be7 13.Bd4 e5 14.Be3 O-O 15.Nh4 Nc5
16.Bxc5 dxc5 17.b3 c4 18.bxc4 bxc4 19.Bxc4 Nxe4 20.Nxe4 Bxh4 21.Qg4 Bxe4
22.Qxe4 Bf6 23.Rd3 Qa5 24.Rf3 Qd8 25.Re1 g6 26.Qc6 Bg7 27.h4 Rc8 28.Qxa6 Ra8
29.Qb7 Bf6 30.h5 Kg7 31.Qc6 Rc8 32.Qa6 gxh5 33.Ree3 Qe7 34.Rxf6 Rxc4 35.Qxc4 Qxf6
36.Qb5 Rc8 37.Rxe5 Rxc2 38.Rg5+ Kh6 39.Rxh5+ Kg7 40.Rg5+ Kh6 41.Rh5+ Kg7
42.Qg5+ Qxg5 43.Rxg5+ Kf6 44.Ra5 Ra2 45.g3 Kg6 46.g4 h6 47.Kg2 f6 48.Kg3 Ra1
49.a4 Rg1+ 50.Kf4 Rf1 51.f3 Rb1 52.Ra8 Rb3 53.a5 Ra3 54.a6 Ra4+ 55.Ke3 Kg5
56.a7 Kh4 57.Kd3 Kg3 58.Rf8 Rxa7 59.Rxf6 Ra3+ 60.Ke4 Ra4+ 61.Ke5 Ra5+ 62.Kd4 Ra4+
63.Kd5 Ra5+ 64.Kc4 Ra4+ 65.Kb5 Rf4 66.Rxh6 Rxf3 67.Rg6 Rf4 68.g5 Rf5+  1/2-1/2

[Event "5th ch-Asian"]
[Site "Hyderabad IND"]
[Date "2005.10.13"]
[Round "7"]
[White "Sareen,V"]
[Black "Mahjoob,M"]
[Result "1-0"]
[WhiteElo "2375"]
[BlackElo "2418"]

1.e4 c5 2.Nf3 e6 3.d4 cxd4 4.Nxd4 a6 5.Nc3 b5 6.Bd3 Qb6 7.Nb3 Qc7 8.O-O Nf6
9.f4 b4 10.Ne2 Bb7 11.Ng3 h5 12.Qe2 h4 13.Nh1 a5 14.Nf2 Na6 15.Be3 Nc5 16.Nxc5 Bxc5
17.Bxc5 Qxc5 18.Kh1 g5 19.fxg5 Qxg5 20.Nh3 Qe5 21.Rf4 Ng8 22.Raf1 f6 23.Bb5 Rh7
24.Rd1 O-O-O 25.Ba6 Ne7 26.a3 Nc6 27.axb4 axb4 28.c3 Kc7 29.Bxb7 Kxb7 30.cxb4 Rc8
31.Qf2 Rc7 32.Rf3 Qxe4 33.b5 Ne5 34.Ra3 Rc2 35.Ra7+ Kc8 36.Ra8+ Kc7 37.Qa7+  1-0

[Event "Cupa ULIM"]
[Site "Kishinev MDA"]
[Date "2005.10.13"]
[Round "6"]
[White "Prociuc,E"]
[Black "Martemianov,I"]
[Result "1-0"]
[WhiteElo "2078"]
[BlackElo "2254"]

1.e4 c5 2.Nc3 e6 3.Nf3 a6 4.d4 cxd4 5.Nxd4 Qc7 6.g3 Nf6 7.Bg2 Nc6 8.O-O Nxd4
9.Qxd4 Bc5 10.Qd3 h6 11.Bf4 e5 12.Be3 d6 13.Na4 Bxe3 14.Qxe3 Be6 15.Rac1 O-O
16.Nb6 Rad8 17.Nd5 Bxd5 18.exd5 Qa5 19.Qb3 b5 20.c4 b4 21.a3 Rb8 22.Ra1 Qc5
23.Rfc1 Nd7 24.axb4 Rxb4 25.Qa3 Ra8 26.Bh3 Nb6 27.b3 a5 28.Bf1 Nd7 29.Qa2 Qb6
30.Bd3 Nc5 31.Bc2 a4 32.bxa4 Nd3 33.Bxd3 Qd4 34.Qe2 f5 35.Bxf5 Rf8 36.Be6+ Kh8
37.Qe3 Qb2 38.a5 e4 39.Rf1 Rxc4 40.a6 Rc3 41.Rfb1  1-0

[Event "Autumn 5"]
[Site "Alushta UKR"]
[Date "2005.10.14"]
[Round "10"]
[White "Golubev,M"]
[Black "Alexeev,Alexe"]
[Result "0-1"]
[WhiteElo "2517"]
[BlackElo "2356"]

1.e4 c5 2.Nf3 e6 3.d4 cxd4 4.Nxd4 a6 5.Nc3 Qc7 6.Bd3 Nf6 7.O-O d6 8.Kh1 Nc6
9.Be3 Be7 10.f4 O-O 11.Qf3 Bd7 12.Qg3 Nb4 13.Be2 Rac8 14.a3 Nc6 15.Rad1 Kh8
16.Nf3 Qa5 17.e5 Nd5 18.Bd2 Qb6 19.exd6 Bxd6 20.Nxd5 exd5 21.Bc3 f6 22.Rxd5 Ne7
23.Rxd6 Qxd6 24.Bb4 Qe6 25.Bd3 Rfe8 26.Bxe7 Rxe7 27.Qh4 h6 28.Qf2 Qe3 29.Qg3 Bb5
30.Bf5 Bxf1 31.Qg6 Kg8 32.Qh7+ Kf8 33.Qh8+ Kf7 34.Qxc8 Qf2 35.Nh4 Bxg2+  0-1

[Event "TCh-CZE Extraliga 2005-6"]
[Site "Czech Rep CZE"]
[Date "2005.10.15"]
[Round "1"]
[White "Simacek,P"]
[Black "Vokoun,J"]
[Result "1-0"]
[WhiteElo "2463"]
[BlackElo "2306"]

1.e4 c5 2.Nf3 e6 3.d4 cxd4 4.Nxd4 a6 5.Nc3 Qc7 6.g3 h5 7.Bg2 h4 8.O-O hxg3
9.hxg3 Nc6 10.Re1 Bc5 11.Bf4 Ne5 12.Nf3 d6 13.Na4 Ba7 14.c4 Bd7 15.c5 Nxf3+
16.Bxf3 e5 17.Be3 dxc5 18.Nxc5 Bc6 19.Rc1 Ne7 20.Kg2 Rd8 21.Qb3 Kf8 22.Ne6+ fxe6
23.Bxa7 Qc8 24.Bb6 Re8 25.Qe3 Kg8 26.Qg5 Qb8 27.Bh5 Rxh5 28.Qxh5 Nf5 29.Rxc6 bxc6
30.exf5 exf5 31.Bc7  1-0

[Event "Chigorin Mem"]
[Site "St Petersburg RUS"]
[Date "2005.10.15"]
[Round "1"]
[White "Shchukin,D"]
[Black "Kuznetsova,T"]
[Result "1-0"]
[WhiteElo "2348"]
[BlackElo "2030"]

1.e4 c5 2.Nf3 e6 3.d4 cxd4 4.Nxd4 a6 5.Nc3 b5 6.g3 Bb7 7.Bg2 d6 8.O-O Nf6
9.Re1 Qc7 10.Bg5 Be7 11.Bxf6 gxf6 12.Qh5 O-O 13.Nd5 Qd8 14.Bh3 Bc8 15.Nf5 Kh8
16.Nfxe7  1-0

[Event "TCh-CZE Extraliga 2005-6"]
[Site "Czech Rep CZE"]
[Date "2005.10.16"]
[Round "2"]
[White "Blazkova,P"]
[Black "Londyn,R"]
[Result "1/2-1/2"]
[WhiteElo "2271"]
[BlackElo "2334"]

1.e4 c5 2.Nf3 e6 3.d4 cxd4 4.Nxd4 a6 5.Nc3 b5 6.Be3 Bb7 7.f3 Qc7 8.Bd3 Nf6
9.g4 b4 10.Nce2 d5 11.e5 Nfd7 12.f4 Nc6 13.O-O g5 14.f5 Qxe5 15.Qd2 Bd6 16.Rf2 Bc5
17.Re1 O-O-O 18.c3 Qd6 19.Nxc6 Qxc6 20.Nd4 Qb6 21.fxe6 fxe6 22.Nxe6 Qxe6
23.Bxc5 Qxg4+ 24.Rg2 Qh4 25.Bf2 Qf4 26.Qxf4 gxf4 27.Bd4 Rhe8 28.Rxe8 Rxe8
29.Bxh7 bxc3 30.bxc3  1/2-1/2

[Event "Goodbye Summer Open"]
[Site "Omis CRO"]
[Date "2005.10.16"]
[Round "9"]
[White "Fercec,N"]
[Black "Cvitan,O"]
[Result "0-1"]
[WhiteElo "2512"]
[BlackElo "2527"]

1.e4 c5 2.Nf3 e6 3.d4 cxd4 4.Nxd4 a6 5.Nc3 b5 6.Bd3 d6 7.O-O Nf6 8.a4 b4
9.Na2 e5 10.Nb3 Nc6 11.Bd2 Qb6 12.a5 Qb7 13.Qe1 Rb8 14.Be3 Be7 15.Bb6 O-O
16.Nxb4 Nxb4 17.Qxb4 d5 18.Qc3 dxe4 19.Bc4 Nd7 20.Rfd1 Nxb6 21.axb6 Qxb6
22.Qxe5 Bf6 23.Qxe4 Bxb2 24.Rab1 Qf6 25.Bd3 g6 26.Nc5 Be5 27.Rxb8 Bxb8 28.Qc4 a5
29.Re1 Rd8 30.g3 Ba7 31.Ne4 Qd4 32.Qc7 Bf5 33.Rf1 Rd7 34.Qc6 Kg7 35.Ng5 Bxd3
36.cxd3 Qxd3 37.Qa4 Rd5 38.Qh4 h6 39.Nh3 Qf3 40.Qe7 Bc5 41.Qe1 g5 42.Qa1+ Bd4
43.Qa2 Re5 44.Qd2 Rd5 45.Qc2 Rf5 46.Rd1 g4 47.Rd3 Rc5 48.Qd2 Qc6 49.Qe2 gxh3
50.Qg4+ Kh7  0-1

[Event "SCG First League w"]
[Site "Vrnjacka Banja SCG"]
[Date "2005.10.17"]
[Round "1"]
[White "Djingarova,E"]
[Black "Zelenaya Azaric,G"]
[Result "1-0"]
[WhiteElo "2358"]
[BlackElo "2116"]

1.e4 c5 2.Nf3 e6 3.d4 cxd4 4.Nxd4 a6 5.Nc3 b5 6.Bd3 Qb6 7.Nb3 Qc7 8.Qe2 d6
9.f4 Nd7 10.a4 b4 11.Nd1 Ngf6 12.Nf2 Be7 13.Bd2 a5 14.c3 bxc3 15.Bxc3 Nc5
16.Nxc5 Qxc5 17.O-O Bd7 18.Kh1 O-O 19.e5 Nd5 20.Qe4 g6 21.Bd4 Qb4 22.Ng4 dxe5
23.fxe5 Rfd8 24.Nh6+ Kg7 25.Rxf7+  1-0

[Event "Femida w"]
[Site "Kharkiv UKR"]
[Date "2005.10.19"]
[Round "4"]
[White "Kuzmina,O"]
[Black "Baisalova,A"]
[Result "1-0"]
[WhiteElo "2261"]
[BlackElo "2158"]

1.e4 c5 2.Nf3 e6 3.d4 cxd4 4.Nxd4 a6 5.Nc3 Qc7 6.Bd3 Nf6 7.O-O Nc6 8.Nxc6 dxc6
9.f4 e5 10.Kh1 Bd6 11.f5 Bc5 12.Bg5 h5 13.Qe1 Ng4 14.Qg3 f6 15.Bd2 Bd7 16.Na4 Ba7
17.c4 O-O-O 18.c5 Be8 19.Bc3 Rd7 20.Bc4 Bf7 21.Be2 Be8 22.Rad1 g6 23.fxg6 Rxd1
24.Rxd1 Bd7 25.h3 Be6 26.hxg4 hxg4+ 27.Kg1 b5 28.Bxg4  1-0

[Event "Chigorin Mem"]
[Site "St Petersburg RUS"]
[Date "2005.10.19"]
[Round "5"]
[White "Shchukin,D"]
[Black "Romanov,E"]
[Result "0-1"]
[WhiteElo "2348"]
[BlackElo "2479"]

1.e4 c5 2.Nf3 e6 3.d4 cxd4 4.Nxd4 a6 5.Nc3 d6 6.Be3 b5 7.f4 Bb7 8.Qf3 Nf6
9.a3 Nbd7 10.Bd3 Rc8 11.O-O h5 12.Kh1 g6 13.Rae1 Bg7 14.Bg1 e5 15.Nde2 exf4
16.Nxf4 Ne5 17.Qh3 O-O 18.Bf2 Nfg4 19.Bg1 Rxc3 20.bxc3 Bc8 21.Bd4 Nf2+ 22.Rxf2 Bxh3
23.gxh3 Nxd3 24.cxd3 Bxd4 25.cxd4 Qh4 26.Ref1 Rc8 27.Nd5 Rc1 28.Ne7+ Qxe7
29.Rxc1 d5 30.e5 a5 31.Rc5 Qh4 32.Rf3 Qxd4 33.Rc7 Qa1+ 34.Kg2 d4 35.Rf2 Qxa3
36.e6 fxe6 37.h4 Qxd3 38.Rff7 Qe4+ 39.Kf1 Qh1+ 40.Ke2 Qxh2+ 41.Kd3 Qg3+ 42.Ke4 Qe3+  0-1

[Event "Chigorin Mem"]
[Site "St Petersburg RUS"]
[Date "2005.10.21"]
[Round "7"]
[White "Van Buitenen,H"]
[Black "Jezov,R"]
[Result "1-0"]
[WhiteElo "2213"]
[BlackElo "2086"]

1.e4 c5 2.Nf3 e6 3.d4 cxd4 4.Nxd4 a6 5.Nc3 b5 6.Bd3 Bb7 7.O-O Qc7 8.Qe2 d6
9.Bd2 Nf6 10.a4 b4 11.Na2 d5 12.e5 Nfd7 13.Rfe1 Qb6 14.c3 Bc5 15.a5 Qa7 16.Nb3 bxc3
17.Nxc3 Nc6 18.Na4 Bb4 19.Bxb4 Nxb4 20.Rac1 Nxe5 21.Bb1 Nc4 22.Nbc5 O-O 23.Qh5 g6
24.Qh4 Bc6 25.b3 Bxa4 26.Nxa4 Qd7 27.Nc3 Rac8 28.Ne2 Qd8 29.Qxd8 Rfxd8 30.bxc4 Rxc4
31.Rxc4 dxc4 32.Rc1 Rd2 33.Kf1 Nd3 34.Bxd3 cxd3 35.Nf4 Ra2 36.Nxd3 Rxa5 37.Ke2 Kg7
38.Ke3 Rb5 39.Ra1 a5 40.Ra4 e5 41.Rc4 f5 42.f3 Kf6 43.Rc6+ Kg5 44.Re6 Rb1
45.Rxe5 a4 46.Ra5 Ra1 47.g3 a3 48.h4+ Kf6 49.Ra6+ Kg7 50.Kf4 h6 51.Ne5 a2
52.Rxg6+ Kh7 53.Ra6 Kg7 54.Kxf5 Rg1 55.Ra7+ Kg8 56.Rxa2 Rxg3 57.Kf6  1-0

[Event "II Open"]
[Site "Calvia ESP"]
[Date "2005.10.22"]
[Round "3"]
[White "Sion Castro,M"]
[Black "Papp,Ga"]
[Result "0-1"]
[WhiteElo "2392"]
[BlackElo "2474"]

1.e4 c5 2.Nf3 e6 3.d4 cxd4 4.Nxd4 a6 5.Nc3 b5 6.Bd3 Qb6 7.Nb3 Qc7 8.Qe2 Bb7
9.f4 Nf6 10.Bd2 d6 11.a4 b4 12.Nd1 d5 13.Nf2 dxe4 14.Nxe4 Nbd7 15.O-O Be7
16.Ng3 O-O 17.a5 Rfe8 18.c3 Nc5 19.Nxc5 Bxc5+ 20.Kh1 e5 21.Nh5 Nxh5 22.Qxh5 e4
23.Be2 Rad8 24.Be1 g6 25.Qh3 b3 26.c4 e3 27.Bc3 Bd4 28.Rac1 Bxc3 29.Rxc3 Rd2  0-1